书目信息 |
| 题名: |
新版系统动物营养学导论
|
|
| 作者: | 卢德勋 著 | |
| 分册: | ||
| 出版信息: | 北京 中国农业出版社 2016.9 |
|
| 页数: | 796页 | |
| 开本: | 26cm | |
| 丛书名: | ||
| 单 册: | ||
| 中图分类: | S816 | |
| 科图分类: | ||
| 主题词: | 动物营养--营养学 | |
| 电子资源: | ||
| ISBN: | 978-7-109-21714-0 | |
| 000 | 01046nam0 2200253 450 | |
| 001 | 0400005421 | |
| 005 | 20171028174903.0 | |
| 010 | @a978-7-109-21714-0@b精装@dCNY320.00 | |
| 100 | @a20161019d2016 em y0chiy50 ea | |
| 101 | 0 | @achi |
| 102 | @aCN@b110000 | |
| 105 | @ay z 000yy | |
| 106 | @ar | |
| 200 | 1 | @a新版系统动物营养学导论@Axin ban xi tong dong wu ying yang xue dao lun@dAn introduction to systems - nutrition of animals@f卢德勋著@zeng |
| 210 | @a北京@c中国农业出版社@d2016.9 | |
| 215 | @a796页@d26cm | |
| 300 | @a国家科学技术学术著作出版基金资助出版 | |
| 330 | @a本书系统、全面地介绍了卢德勋研究员运用系统科学思维方式在国际上首次提出的一个具有时代特征的动物营养理论体系和技术体系。全书共分五篇,包括:动物营养系统及其调控、系统动物营养技术概述、饲料科学理论和技术体系的创新和发展、动物营养工程等。 | |
| 510 | 1 | @aIntroduction to systems - nutrition of animals@zeng |
| 606 | 0 | @a动物营养@x营养学 |
| 690 | @aS816@v5 | |
| 701 | 0 | @a卢德勋@Alu de xun@4著 |
| 801 | 0 | @aCN@b上海新华@c20171028 |
| 905 | @b1028381-3@dS816@e146@f3 | |
| 新版系统动物营养学导论=An introduction to systems - nutrition of animals/卢德勋著.-北京:中国农业出版社,2016.9 |
| 796页;26cm |
| 国家科学技术学术著作出版基金资助出版 |
| ISBN 978-7-109-21714-0(精装):CNY320.00 |
| 本书系统、全面地介绍了卢德勋研究员运用系统科学思维方式在国际上首次提出的一个具有时代特征的动物营养理论体系和技术体系。全书共分五篇,包括:动物营养系统及其调控、系统动物营养技术概述、饲料科学理论和技术体系的创新和发展、动物营养工程等。 |
| ● |
| 相关链接 |
|
|
|
|
正题名:新版系统动物营养学导论
索取号:S816/146
 
预约/预借
| 序号 | 登录号 | 条形码 | 馆藏地/架位号 | 状态 | 备注 |
| 1 | 1028381 | 210283815 | 第二样本阅览室/ [索取号:S816/146] | 在馆 | |
| 2 | 1028382 | 210283824 | 第三借阅区/ [索取号:S816/146] | 在馆 | |
| 3 | 1028383 | 210283833 | 密集书库-生命科学系/ [索取号:S816/146] | 在馆 |